Managing safety and quality in shipping: the key to success, a guide to ISM, ISO 9002, TQM (Record no. 2009)

000 -LEADER
fixed length control field 00426nam a22001337a 4500
008 - FIXED-LENGTH DATA ELEMENTS--GENERAL INFORMATION
fixed length control field 200210b ||||| |||| 00| 0 eng d
020 ## - INTERNATIONAL STANDARD BOOK NUMBER
International Standard Book Number 1870077407
100 ## - MAIN ENTRY--PERSONAL NAME
9 (RLIN) 1613
Personal name Chauvel, A. M.
245 10 - TITLE STATEMENT
Title Managing safety and quality in shipping: the key to success, a guide to ISM, ISO 9002, TQM
260 ## - PUBLICATION, DISTRIBUTION, ETC. (IMPRINT)
Place of publication, distribution, etc London
Name of publisher, distributor, etc Nautical institute
Date of publication, distribution, etc 1997
300 ## - PHYSICAL DESCRIPTION
Extent x,214p.
650 #0 - SUBJECT ADDED ENTRY--TOPICAL TERM
Topical term or geographic name as entry element Shipbuilding contracts
942 ## - ADDED ENTRY ELEMENTS (KOHA)
Item type Books
Holdings
Withdrawn status Lost status Source of classification or shelving scheme Damaged status Not for loan Permanent location Current location Date acquired Source of acquisition Full call number Barcode Date last seen Cost, replacement price Koha item type
          IMU Kolkata IMU Kolkata 2002-09-10 Sterling Book House 387.50289 C511 09383 2020-02-10 2157.91 Books
Designed and Maintained by IMU-KC Library, Kolkata Campus © Copyright All Rights Reserved

webs counters

Powered by Koha